| 000 | 00000nas##2200000za#4500 |
| 001 | 9.511154 |
| 003 | CaOODSP |
| 005 | 20210929082751 |
| 007 | ta |
| 008 | 150406c2001||||xxc|| p #||||f| |0eng|d |
| 022 | |a1700-8832 |
| 040 | |aCaOODSP|beng |
| 041 | |aeng |
| 041 | |afre |
| 043 | |an-cn--- |
| 086 | 1 |aFo102-1 |
| 110 | 1 |aCanada. |bNatural Resources Canada. |bCanadian Forest Service. |
| 245 | 10|aForest health & biodiversity news / |cIssued by the Atlantic Forestry Centre for the Forest Biodiversity and Forest Health Networks. |
| 260 | |aFredericton - Connecticut : |bNatural Resources Canada. |
| 310 | |aIrregular |
| 362 | 1 |aVol. 5, No. 2, Fall 2001-- |
| 500 | |aContinues "Network news : forest health & biodiversity", from Vol. 5, No. 2, Fall, 2001. ISSN (1206-7210) of previous title has been printed in these issues. |
| 520 | 3 |aThis newsletter, published one to two times a year, contains articles on issues that affect the health and biodiversity of Canada’s forests. Topic areas include domestic and exotic insect infestations, forestry practices, and climate change, with a focus on the Canadian Forest Service’s work in this area. |
| 563 | |aSoftcover |
| 776 | 0#|tForest health and biodiversity news |w(CaOODSP)9.504941 |
| 776 | 0#|tSanté et biodiversité des forêts, nouvelles |w(CaOODSP)9.501340 |
| 785 | 00|tNetwork news : |w(CaOODSP)9.508456 |
| 792 | |tSanté & biodiversité des forêts, nouvelles / |efre|w(CaOODSP)9.511155 |